Curso de Electricidad General
Αποθηκεύτηκε σε:
| Κύριος συγγραφέας: | |
|---|---|
| Μορφή: | Βιβλίο |
| Γλώσσα: | Ισπανικά |
| Έκδοση: |
Madrid
Paraninfo
1995
|
| Έκδοση: | 1a. ed |
| Θέματα: | |
| Ετικέτες: |
Προσθήκη ετικέτας
Δεν υπάρχουν, Καταχωρήστε ετικέτα πρώτοι!
|
MARC
| LEADER | 00000nam a2200000 a 4500 | ||
|---|---|---|---|
| 001 | UCH4067 | ||
| 003 | CL-VaPUC | ||
| 008 | 090818e19950000SP |||||||||||||||||spa|d | ||
| 020 | |a 842831425X Obra completa | ||
| 020 | |a 8428314268 vol. 1 | ||
| 020 | |a 8428316031 vol. 2 | ||
| 020 | |a 842831604X vol. 3 | ||
| 082 | 0 | 4 | |a 621.3 |b AUG |2 21 |
| 100 | 0 | |a Augé, R |e author |9 539523 | |
| 245 | 1 | 0 | |a Curso de Electricidad General |
| 250 | |a 1a. ed | ||
| 300 | |a vol. 3 | ||
| 942 | |c BK | ||
| 945 | |d 20090818 00:00:00 |a ccalabra | ||
| 260 | |a Madrid |b Paraninfo |c 1995 | ||
| 650 | 0 | |a Energía eléctrica |9 256678 | |
| 650 | 0 | |a Circuitos |9 263339 | |
| 650 | 7 | |a CONDENSADORES |2 CL-VaPUC |9 401730 | |
| 650 | 0 | |a Ingeniería eléctrica |9 260573 | |
| 650 | 7 | |a GENERADOR |2 CL-VaPUC |9 539524 | |
| 583 | |a last modification |c 20090818 00:00:00 |k Rodrigo Vera | ||
| 999 | |c 335420 |d 335418 | ||